00883nam a2200229 u 450000100070000000500170000700800410002403500110006504000130007604100080008908200080009710000390010524500930014426000430023730000170028065000490029765000490034665000440039565000290043965000360046850001490050465186820260506090327.0010313s2000 ||||||m| spa  a651868 ccomduadb aspa 4a00510aZapata Arbelaez, Lucelly4auteaut10aMetodologia para el desarrollo de proyectos empleando sistemas de informacion geografica aMedellín :b[sin publicador],c2000. a86 páginas aSistemas de Información Geográfica (SIG) aSistemas de Información Geográfica (SIG) aGPS (Sistema de Posicionamiento Global) aMetodología Seis Sigma aSIGAME (Sistema de informacion) aTesis (Especialista en Ciencias Electronicas e Informatica con Enfasis en Bases de Datos) Universidad de Antioquia - Título del grado otorgado